|
|
|
|
| LEADER |
00000cam a2200000 7i4500 |
| 001 |
0000008175 |
| 005 |
20080102093000.0 |
| 020 |
|
|
|a 0134455037
|
| 090 |
0 |
0 |
|a HD6955
|b .D82 1988
|
| 100 |
0 |
|
|a DuBrin, Andrew J. ,
|e author
|
| 245 |
1 |
0 |
|a Human relations :
|b a job oriented approach
|c Andrew J. Dubrin
|
| 250 |
|
|
|a 4th ed
|
| 260 |
2 |
|
|a Englewood Cliffs, NJ :
|b Prentice-Hall ,
|c c1988
|
| 300 |
|
|
|a xi, 532 p. ;
|c 24 cm.
|
| 504 |
|
|
|a Includes bibliographies and index
|
| 650 |
|
0 |
|a Industrial sociology
|
| 650 |
|
0 |
|a Organizational behavior
|
| 650 |
|
0 |
|a Personnel management
|
| 999 |
|
|
|a 1000011876
|b Book
|c OPEN SHELF (30 DAYS)
|e Gong Badak Campus
|